| 000 | 00596nam a22001937a 4500 | ||
|---|---|---|---|
| 008 | 160730b xxu||||| |||| 00| 0 eng d | ||
| 020 | _a978-0-470-00720-4 | ||
| 082 |
_22007 _aDC 332 _bM48f |
||
| 100 |
_912087 _aMelicher, Ronald W. |
||
| 245 |
_aFinance/ _cRonald W. Melicher and Edgar A. Norton with Laura Town |
||
| 260 |
_aNew Jersey: _bJohn Wiley & Sons, _cc2007. |
||
| 300 |
_axxviii, 572 pages; _c23 cm. |
||
| 500 | _aIncludes index. | ||
| 650 | 0 |
_912088 _aFinance |
|
| 700 |
_912089 _aNorton, Edgar _d1957- |
||
| 700 |
_912090 _aTown, Laura |
||
| 365 |
_b4,531.00 _cPhp |
||
| 942 |
_2ddc _cDC |
||
| 999 |
_c3632 _d3632 |
||